000 00698nam a2200277Ia 4500
005 20260324114920.0
008 008 260324s9999 xx 000 0 eng d
020 _a9781351032780
037 _aEBOOK
040 _aCRL
040 _beng
040 _cCRL
041 _2eng
041 _aeng
084 _qCRL
100 _aCasie L. Parish-Fisher; Christine R. Ramirez
_91152648
245 0 _aCrime Scene Processing and Investigation Workbook, Second Edition
260 _bTaylor and Francis
260 _c2020
365 _a
365 _b180
856 _uhttp://www.taylorfrancis.com/books/9781351032780
942 _cEBOOK
999 _c1743127
_d1743127